000 00960aam a2200301 i 4500
001 768714001
003 CO-MdFUSB
005 20250513173011.0
007 ta
008 250513t1966 -us |||| |||| 00| 0 spa d
040 _cCO-MdFUSB
041 0 _aspa
_heng
082 0 4 _223
_a248
_bJ762v
100 1 _aJones, E. Stanley (Eli) (1884-1973)
_eautor
240 _aVictory through surrender
245 1 0 _aLa victoria personal :
_bcómo obtener la victoria mediante la rendición personal
_c/ E. Stanley Jones ; traducido por Roberto Escamilla
264 1 _bUnited Christian Ashrams,
_aBarrington, Rhode Island, USA :
_c[1966]
264 4 _c©1966
300 _a155 páginas
336 _atexto
_btxt
_2rdacontent
337 _2rdamedia
_asin mediación
_bn
338 _2rdacarrier
_avolumen
_bnc
563 _aRústico
650 0 _aVida cristiana
_919
700 _aEscamilla, Roberto,
_911473
_etraductor
942 _cBK
945 _aJTF-925
999 _c35558
_d35558